Anforderungen an den Leitungsprozess und die Leitungstätigkeit zur Beschleunigung des Kreislaufs der intensiv erweiterten Reproduktion

Guardado en:
Detalles Bibliográficos
Formato: Libro
Lenguaje:alemán
Publicado: Berlin Hochschule für Ökonomie "Bruno Leuschner" 1988
Edición:1. Aufl.
Etiquetas: Agregar Etiqueta
Sin Etiquetas, Sea el primero en etiquetar este registro!

MARC

LEADER 00000nam a2200000 4500
001 c033859
005 20221219110730.2
041 0 |a ger 
044 |a DE 
245 1 0 |a Anforderungen an den Leitungsprozess und die Leitungstätigkeit zur Beschleunigung des Kreislaufs der intensiv erweiterten Reproduktion 
250 |a 1. Aufl. 
264 1 |a Berlin  |b Hochschule für Ökonomie "Bruno Leuschner"  |c 1988 
300 |a 288 s.